000 00306nam a2200109Ia 4500
008 180205s9999 xx 000 0 und d
020 _a891710019
100 _aValentino, Richard
245 _cMufson, Phyllis
_aFabric printings:Screen method /
260 _aCalifornia
_bBay books
_c1975
300 _a49 pages
999 _c354679
_d354679